Italian Language Quiz - Statistics

General Stats
  • This quiz has been taken 943 times
  • The average score is 12 of 15
Answer Stats
Question Answer % Correct
What does VERDE mean? Green
99%
What does GATTO mean? Cat
97%
What does AMICO mean? Friend
97%
What does VINO mean? Wine
97%
What does FORMAGGIO mean? Cheese
94%
What does SALSA mean? Sauce
94%
What does SCUOLA mean? School
94%
What does SOLE mean? Sun
90%
What does BIRRA mean? Beer
87%
What does GUERRA mean? War
82%
What does PIATTO mean? Dish
79%
What does CIELO mean? Sky
73%
What does VENTO mean? Wind
59%
What does GABBIA mean? Cage
36%
What does FORNAIO mean? Baker
33%
No matching quizzes found
Score Distribution
Percent of People with Each Score
Percentile by Number Answered
Your Score History
You have not taken this quiz